| Tag |
First Indicator |
Second Indicator |
Subfields |
| LEADER |
00000cam a22000004a 4500 |
| 001 |
in00002319087 |
| 005 |
20151109120540.0 |
| 008 |
071231s2008 hiua b s001 0ceng |
| 010 |
|
|
|a 2007052624
|
| 019 |
|
|
|a 227911147
|
| 020 |
|
|
|a 9780824832896 (pbk. : alk. paper)
|
| 020 |
|
|
|a 0824832892 (pbk. : alk. paper)
|
| 035 |
|
|
|a (OCoLC)ocn190596223
|
| 035 |
|
|
|a (OCoLC)190596223
|z (OCoLC)227911147
|
| 040 |
|
|
|a DLC
|c DLC
|d YDXCP
|d BTCTA
|d BAKER
|d C#P
|d BWX
|d UtOrBLW
|
| 043 |
|
|
|a n-us---
|a a-cc---
|a a-my---
|
| 049 |
|
|
|a TXAM
|
| 050 |
0 |
0 |
|a E184.C5
|b C4743 2008
|
| 082 |
0 |
0 |
|a 973/.04951
|2 22
|
| 082 |
0 |
0 |
|a 951/.7
|2 22
|
| 100 |
1 |
|
|a Chin, Woon Ping.
|
| 245 |
1 |
0 |
|a Hakka soul :
|b memories, migrations, and meals /
|c Chin Woon Ping.
|
| 264 |
|
1 |
|a Honolulu :
|b University of Hawaiʻi Press ;
|a Los Angeles :
|b In association with UCLA Asian American Studies Center,
|c [2008]
|
| 264 |
|
4 |
|c ©2008
|
| 300 |
|
|
|a x, 199 pages :
|b illustrations ;
|c 22 cm.
|
| 336 |
|
|
|a text
|b txt
|2 rdacontent
|
| 337 |
|
|
|a unmediated
|b n
|2 rdamedia
|
| 338 |
|
|
|a volume
|b nc
|2 rdacarrier
|
| 490 |
1 |
|
|a Intersections
|
| 504 |
|
|
|a Includes bibliographical references (pages 197-198) and index.
|
| 600 |
1 |
0 |
|a Chin, Woon Ping.
|
| 600 |
1 |
0 |
|a Chin, Woon Ping
|x Family.
|
| 650 |
|
0 |
|a Hakka (Chinese people)
|z United States
|v Biography.
|
| 650 |
|
0 |
|a Chinese Americans
|v Biography.
|
| 650 |
|
0 |
|a Immigrants
|z United States
|v Biography.
|
| 650 |
|
0 |
|a Hakka (Chinese people)
|z Malaysia
|v Biography.
|
| 651 |
|
0 |
|a Malaysia
|v Biography.
|
| 651 |
|
0 |
|a Singapore
|v Biography.
|
| 650 |
|
0 |
|a Hakka (Chinese people)
|x Social life and customs.
|
| 650 |
|
0 |
|a Cooking, Chinese.
|
| 710 |
2 |
|
|a University of California, Los Angeles.
|b Asian American Studies Center.
|
| 830 |
|
0 |
|a Intersections (Honolulu, Hawaii)
|
| 938 |
|
|
|a Baker & Taylor
|b BKTY
|c 24.00
|d 24.00
|i 0824832892
|n 0007792947
|s active
|
| 938 |
|
|
|a YBP Library Services
|b YANK
|n 2814149
|
| 938 |
|
|
|a Baker and Taylor
|b BTCP
|n 2007052624
|
| 938 |
|
|
|a Blackwell Book Service
|b BBUS
|n R2731072
|c $24.00
|
| 945 |
|
|
|a PromptCat
|b 510640
|
| 946 |
|
|
|a stk
|
| 947 |
|
|
|a A14836757543
|
| 994 |
|
|
|a 92
|b TXA
|
| 948 |
|
|
|a cataloged
|b h
|d 2008/9/25
|h c
|e asalazar
|f 9:26:13 am
|
| 999 |
|
|
|a MARS
|
| 999 |
f |
f |
|s 52bc1999-bc6e-3313-b7e2-11362bc41e30
|i b7be7175-a637-358e-b4fb-cf54fb56ddde
|t 0
|
| 952 |
f |
f |
|p normal
|a Texas A&M University
|b College Station
|c Sterling C. Evans Library
|d Evans: Library Stacks
|t 0
|e E184.C5 C4743 2008
|h Library of Congress classification
|i unmediated -- volume
|m A14836757543
|
| 998 |
f |
f |
|a E184.C5 C4743 2008
|t 0
|l Evans: Library Stacks
|